000 00494nam a2200181Ia 4500
003 OSt
005 20230531101026.0
008 210423s2000 xx 000 0 und d
040 _cAL
041 _aeng
082 _a658.477 MALG
_223
100 _aMALIK (J P).
_9117570
245 _aGlobal funding agencies for disaster relief.
260 _aDelhi
_bDevelopment planning unit
_c2000
365 _b120
_cINR
906 _aagencies ; disaster ; funding ; Global ; relief.
942 _2ddc
_cBK
999 _c173675
_d173675